00430nam a2200169Ia 4500008004100000020001800041245002300059245002300082245005600105260001500161260001600176260000900192300001500201300002500216300001000241500000900251170705s9999 xx 000 0 und d a9780545344760 aAmelia Earheart :  bthis broad ocean / cby Sarah Stewart Taylor ; illustrated by Ben Towle. aNew York : bScholastic, c2010 a78 pages : bcolor illustration ; c25cm. a1080